[Event "AUTO-INT-3957"]
[Site "http://www.queenalice.com/game.php?id=1868111"]
[Date "2026.1.17"]
[Round "1"]
[White "EdsonEstevam"]
[Black "Jomaley"]
[Result "1-0"]
[WhiteElo "1721"]
[BlackElo "1414"]

1. e4 e5 2. Nf3 Bd6 3. Nc3 c6 4. d3 Bb4 5. Bd2 Bxc3 6. Bxc3 d6 7. d4 f6 8. h3
exd4 9. Bxd4 c5 10. Bc3 Nc6 11. Bb5 a6 12. Bxc6+ bxc6 13. Qd2 Be6 14. Ba5 Qb8
15. O-O Qxb2 16. Qxd6 Ne7 17. Rab1 Qxa2 18. Qxc5 Bc4 19. Rfd1 Be2 20. Re1 Bxf3
21. gxf3 Qe6 22. Rb7 Rc8 23. e5 f5 24. Rd1 Nd5 25. c4 Ne7 26. Rd6 Qf7 27. Rf6
Qxf6 28. exf6 gxf6 29. Qxe7# 1-0

[Event "Challenge"]
[Site "http://www.queenalice.com/game.php?id=1868266"]
[Date "2026.1.21"]
[Round "-"]
[White "Jomaley"]
[Black "PRZ"]
[Result "1-0"]
[WhiteElo "1410"]
[BlackElo "1503"]

1. e4 c5 2. Bc4 e6 3. b3 Qf6 4. c3 h5 5. h4 g5 6. Nf3 g4 7. Ng5 a6 8. d4 cxd4 9.
cxd4 Bb4+ 10. Kf1 e5 11. Nxf7 d6 12. Bg5 Qg7 13. Nxh8 Qxh8 14. dxe5 Qxe5 15.
Bxg8 Qxa1 16. g3 Qxa2 17. Kg2 Nc6 18. Nd2 b5 19. f3 gxf3+ 20. Kxf3 Ne5+ 21. Kg2
Bg4 22. Qc1 Bxd2 23. Bxd2 Bf3+ 24. Kg1 Bxh1 25. Kxh1 Qxb3 26. Bc3 Rc8 27. Bxb3
1-0

[Event "AUTO-INT-3960"]
[Site "http://www.queenalice.com/game.php?id=1869208"]
[Date "2026.2.13"]
[Round "1"]
[White "Jomaley"]
[Black "JoseMessias"]
[Result "1-0"]
[WhiteElo "1489"]
[BlackElo "1566"]

1. e4 e5 2. d3 d5 3. exd5 Qxd5 4. Nc3 Nf6 5. f3 Bb4 6. Bd2 Bxc3 7. Bxc3 O-O 8.
Qe2 Re8 9. O-O-O Qxa2 10. Bxe5 Nc6 11. f4 Bg4 12. Nf3 Nxe5 13. fxe5 Nd5 14. d4
Nb4 15. h3 Qa1+ 16. Kd2 Qxb2 17. hxg4 Qxc2+ 18. Ke3 Nd5+ 19. Kf2 Qxe2+ 20. Bxe2
Nc3 21. Rc1 Nb5 22. Bxb5 c6 23. Bd3 g6 24. Ng5 Rad8 25. Rc4 b5 26. Rxc6 Rxd4 27.
Bxb5 Rxe5 28. Rc8+ Kg7 29. Nf3 Rf4 30. Kg3 g5 31. Nxe5 Rb4 32. Be8 Rb7 33. Rf1
f6 34. Nc4 Rb3+ 35. Kh2 Rd3 36. Rc7+ Kh8 37. Rxa7 Rd4 38. Rxf6 Kg8 39. Raf7 Rxc4
40. Rf8+ Kg7 41. Rf5 Rxg4 42. Bh5 Rh4+ 43. Kg3 Rxh5 44. Kg4 Rh2 45. R5f7+ Kg6
46. Rf6+ Kg7 47. R8f7+ Kg8 48. g3 h5+ 49. Kxg5 Rh3 50. Rf8+ Kg7 51. R8f7+ Kg8
52. Kh6 Rxg3 53. Rf8# 1-0

[Event "AUTO-INT-3960"]
[Site "http://www.queenalice.com/game.php?id=1869209"]
[Date "2026.2.13"]
[Round "1"]
[White "JoseMessias"]
[Black "Jomaley"]
[Result "0-1"]
[WhiteElo "1517"]
[BlackElo "1496"]

1. g3 d5 2. Bg2 c6 3. e4 Be6 4. exd5 Bxd5 5. f3 g6 6. d4 Qa5+ 7. Bd2 Qb6 8. Nc3
Nf6 9. Be3 Qxb2 10. Bd2 Qa3 11. Nxd5 Nxd5 12. Bf4 Nxf4 13. gxf4 Qb4+ 14. Qd2 Qb2
15. Rc1 Qxa2 16. Ne2 Bh6 17. O-O O-O 18. Qb4 Qa6 19. Ra1 Qxe2 20. Rae1 Qxc2 21.
Qxb7 Bxf4 22. Qxa8 Qa4 23. Rxe7 Qxd4+ 24. Kh1 Bxh2 25. Rfe1 Nd7 26. Kxh2 Rxa8
27. R1e4 Qd6+ 28. f4 Nc5 29. Re1 Qxf4+ 30. Kg1 Qg3 31. Rc1 Qg5 32. Rce1 a5 33.
Kh1 Qh4+ 34. Kg1 Nd3 35. R1e2 Nf4 36. R2e3 Qg5 37. Re2 Nxg2 38. R7e5 Nf4+ 39.
Rxg5 Nxe2+ 40. Kf2 Nd4 41. Rg4 Nf5 42. Rc4 Ra6 43. Ra4 c5 44. Kf3 Nd6 45. Kf4 f6
46. Ra1 c4 47. Ke3 a4 48. Kd4 a3 49. Kc5 c3 50. Kb4 c2 51. Kb3 Rc6 52. Rc1 Nb5
53. Ka2 h5 54. Kb3 h4 55. Kb4 Nd4 56. Kxa3 Ne2 57. Re1 c1=Q+ 58. Rxc1 Rxc1 59.
Kb2 h3 0-1

[Event "AUTO-INT-3960"]
[Site "http://www.queenalice.com/game.php?id=1869210"]
[Date "2026.2.13"]
[Round "1"]
[White "Jomaley"]
[Black "ajr"]
[Result "0-1"]
[WhiteElo "1519"]
[BlackElo "1664"]

1. e4 e5 2. d3 Nc6 3. c3 h6 4. f4 exf4 5. Bxf4 g5 6. Be3 Nf6 7. g4 d6 8. Bh3 Ne5
9. Qa4+ Nc6 10. Nd2 Qd7 11. b3 a6 12. Ngf3 Ne5 13. Qxd7+ Nfxd7 14. Nxe5 Nxe5 15.
Bf1 Bxg4 16. h3 Bh5 17. d4 Nf3+ 18. Nxf3 Bxf3 19. Rh2 Bxe4 20. h4 g4 21. O-O-O
d5 22. Be2 h5 23. Bg5 Bh6 24. Bxh6 Rxh6 25. c4 Rc6 26. c5 f5 27. Rf2 Ke7 28. Bd3
Rf8 29. a4 b6 30. Bxe4 dxe4 31. b4 e3 32. Re2 f4 33. d5 Rg6 34. cxb6 cxb6 35. a5
bxa5 36. bxa5 Kd6 37. Rc2 Ke5 38. Rc5 Rd6 39. Re1 Rxd5 40. Rxd5+ Kxd5 41. Rd1+
Kc4 42. Rd6 e2 43. Re6 f3 44. Kd2 g3 45. Rxa6 f2 46. Kxe2 f1=Q+ 47. Kd2 Qd3+ 48.
Ke1 Rf1# 0-1

[Event "AUTO-INT-3960"]
[Site "http://www.queenalice.com/game.php?id=1869211"]
[Date "2026.2.13"]
[Round "1"]
[White "ajr"]
[Black "Jomaley"]
[Result "1-0"]
[WhiteElo "1666"]
[BlackElo "1500"]

1. d4 d5 2. h3 g5 3. Bxg5 f6 4. Bf4 Nc6 5. Nf3 Bf5 6. Nc3 e5 7. dxe5 Bb4 8. Qd2
Bxc3 9. bxc3 fxe5 10. Nxe5 Nxe5 11. Bxe5 Nf6 12. Qe3 O-O 13. Qg5+ Bg6 14. e4
Nxe4 15. Qxd8 Raxd8 16. Bd3 c6 17. Rc1 Nxf2 18. Kd2 Bxd3 19. cxd3 Rde8 20. d4
Ne4+ 21. Kc2 Rf2+ 22. Kb3 Rxg2 23. Rcg1 Rxg1 24. Rxg1+ Kf7 25. Rg7+ Ke6 26. Rxh7
c5 27. Rxb7 c4+ 28. Kb4 a5+ 29. Kxa5 Nxc3 30. a4 Ra8+ 31. Kb4 Nxa4 32. h4 Nb2
33. Bg7 Ra4+ 34. Kc3 Nd1+ 35. Kd2 Nf2 36. h5 Ne4+ 37. Kc2 Ra2+ 38. Rb2 Ra3 39.
Rb6+ Kf7 40. h6 Kg8 41. Kb2 Rg3 42. Rb8+ Kh7 43. Rh8+ Kg6 44. Be5 Rg2+ 45. Ka3
c3 46. Rg8+ Kxh6 47. Rxg2 Nd2 48. Bf4+ Kh5 49. Bxd2 c2 50. Bc1 1-0

[Event "AUTO-INT-3960"]
[Site "http://www.queenalice.com/game.php?id=1869212"]
[Date "2026.2.13"]
[Round "1"]
[White "Jomaley"]
[Black "juim"]
[Result "0-1"]
[WhiteElo "1489"]
[BlackElo "1566"]

1. e4 d5 2. Bd3 dxe4 3. Bxe4 e5 4. h4 Bc5 5. Qf3 c6 6. Ne2 f6 7. h5 Nh6 8. c3
O-O 9. b4 Bb6 10. Na3 f5 11. Bc2 e4 12. Qf4 Be6 13. O-O Ng4 14. Nd4 Bxd4 15.
cxd4 Nd7 16. d3 Qh4 17. f3 Qxh5 18. fxg4 fxg4 19. Qxe4 Rxf1+ 20. Kxf1 Bd5 21.
Qe2 Qh1+ 22. Kf2 Qxg2+ 23. Ke1 Qg1+ 24. Kd2 Nf6 25. Bb3 Re8 26. Bxd5+ cxd5 27.
Qxe8+ Nxe8 28. Nb5 a6 29. Nc3 Nd6 30. Nxd5 Qxd4 31. Nc3 g3 32. Bb2 Nc4+ 33. Kc2
Nxb2 34. Kxb2 g2 35. Re1 Qxb4+ 36. Kc2 Qf4 37. Re8+ Kf7 38. Re2 g1=Q 39. Ne4
Qgc1+ 40. Kb3 Qd1+ 0-1

[Event "AUTO-INT-3960"]
[Site "http://www.queenalice.com/game.php?id=1869213"]
[Date "2026.2.13"]
[Round "1"]
[White "juim"]
[Black "Jomaley"]
[Result "0-1"]
[WhiteElo "1556"]
[BlackElo "1488"]

1. e4 e5 2. d4 Bd6 3. dxe5 Bxe5 4. Bc4 Qf6 5. Nf3 Bf4 6. Bxf4 d6 7. e5 Qxf4 8.
Nbd2 Bg4 9. O-O Bxf3 10. Nxf3 dxe5 11. Nxe5 Nh6 12. Re1 O-O 13. Qh5 Nc6 14. b3
Nxe5 15. Rxe5 Rae8 16. Rxe8 Rxe8 17. g3 Qe5 18. Qd1 c6 19. Kf1 b5 20. Bd3 Ng4
21. Qd2 Qxa1+ 22. Kg2 Ne5 23. Qf4 Nxd3 24. cxd3 Qxa2 25. Qc7 h5 26. Qxc6 Re2 27.
Qc8+ Kh7 28. Qf5+ Kg8 29. Qf3 Re1 30. Qxh5 Qxb3 31. Qf5 g6 32. Qf3 a5 33. d4
Qxf3+ 34. Kxf3 a4 35. d5 a3 36. d6 a2 37. d7 Rd1 38. Kg4 Rxd7 39. h4 a1=Q 40. f4
Qd1+ 41. Kg5 Kg7 42. f5 Rd5 43. h5 Qd2+ 44. Kh4 Qh2+ 45. Kg4 Qe2+ 46. Kf4 Rxf5#
0-1

[Event "AUTO-INT-3961"]
[Site "http://www.queenalice.com/game.php?id=1869683"]
[Date "2026.2.24"]
[Round "1"]
[White "renet54"]
[Black "Jomaley"]
[Result "1-0"]
[WhiteElo "1643"]
[BlackElo "1441"]

1. d4 d5 2. Nf3 Bg4 3. Nbd2 Bxf3 4. Nxf3 f6 5. Bf4 Na6 6. e3 e5 7. dxe5 fxe5 8.
Nxe5 Bb4+ 9. c3 Bd6 10. Qh5+ Ke7 11. Qf7# 1-0

[Event "AUTO-INT-3961"]
[Site "http://www.queenalice.com/game.php?id=1869684"]
[Date "2026.2.24"]
[Round "1"]
[White "Jomaley"]
[Black "renet54"]
[Result "1-0"]
[WhiteElo "1487"]
[BlackElo "1647"]

1. e4 e5 2. d3 Nc6 3. Be3 Nf6 4. Bg5 Be7 5. f3 O-O 6. h4 Nd4 7. h5 d5 8. h6 Qd6
9. hxg7 dxe4 10. fxe4 Bg4 11. Nf3 Qb4+ 12. Nbd2 Nxf3+ 13. gxf3 Bh5 14. Bxf6 Bxf6
15. Rxh5 Rae8 16. b3 Bxg7 17. Qe2 Qc3 18. Rc1 Re6 19. Rg5 f6 20. Rxg7+ Kxg7 21.
Qg2+ Kh8 22. Qg4 Qb2 23. Kd1 Ra6 24. a4 b5 25. axb5 Ra1 26. Rxa1 Qxa1+ 27. Ke2
Qb2 28. Qd7 Qxc2 29. Qe7 Rg8 30. Qxf6+ Rg7 31. Qxe5 h6 32. Bh3 Qc1 33. Qf6 Kh7
34. Bf5+ Kh8 35. Qf8+ Rg8 36. Qxh6# 1-0

[Event "AUTO-INT-3961"]
[Site "http://www.queenalice.com/game.php?id=1869699"]
[Date "2026.2.24"]
[Round "1"]
[White "Ruusgugg"]
[Black "Jomaley"]
[Result "0-1"]
[WhiteElo "1479"]
[BlackElo "1444"]

1. f4 f5 2. Nf3 d6 3. b4 h6 4. Bb2 b5 5. d3 a5 6. bxa5 Rxa5 7. Qd2 c6 8. Bc3 Ra4
9. h3 Qb6 10. d4 Be6 11. g3 Rxa2 12. Rxa2 Bxa2 13. Ba5 Qa6 14. Na3 Nf6 15. g4
fxg4 16. hxg4 Nxg4 17. Rh4 Be6 18. Bb4 Nd7 19. Bh3 h5 20. e4 c5 21. dxc5 dxc5
22. Qc3 cxb4 23. Qc8+ Qxc8 24. Ng5 Qc6 25. Nxe6 Qxe4+ 0-1

[Event "AUTO-INT-3961"]
[Site "http://www.queenalice.com/game.php?id=1869700"]
[Date "2026.2.24"]
[Round "1"]
[White "Jomaley"]
[Black "Ruusgugg"]
[Result "1-0"]
[WhiteElo "1476"]
[BlackElo "1462"]

1. Nf3 e6 2. e4 d5 3. Bd3 Bc5 4. Qe2 d4 5. Bb5+ c6 6. Bc4 g5 7. d3 g4 8. Ne5 h5
9. f3 Bb4+ 10. c3 dxc3 11. bxc3 Qd4 12. Bf4 Bxc3+ 13. Nxc3 Qxc3+ 14. Kf2 b5 15.
Rac1 Qa3 16. Bb3 gxf3 17. gxf3 a5 18. Nxc6 Nxc6 19. Rxc6 a4 20. Bc1 Qf8 21. Bd1
Bb7 22. Rb6 Bc8 23. Rxb5 Bd7 24. Rb7 Rc8 25. Rxd7 Kxd7 26. Bxa4+ Kd8 27. Qe3 Ra8
28. Qb6+ Ke7 29. Ba3+ Kf6 30. Bxf8 Rxa4 31. Qb2+ 1-0

[Event "AUTO-INT-3961"]
[Site "http://www.queenalice.com/game.php?id=1869712"]
[Date "2026.2.24"]
[Round "1"]
[White "Erlofabr"]
[Black "Jomaley"]
[Result "0-1"]
[WhiteElo "1651"]
[BlackElo "1491"]

1. d4 d5 2. c4 Be6 3. b3 dxc4 4. e4 h5 5. bxc4 Bg4 6. Qa4+ Nc6 7. d5 Bd7 8. dxc6
Bxc6 9. Qc2 e5 10. c5 Qd4 11. Bb2 Qxe4+ 12. Qe2 Qxe2+ 13. Bxe2 f6 14. Bxh5+ Rxh5
15. Nh3 Bxg2 16. Rg1 Bxh3 17. Nd2 O-O-O 18. O-O-O Bxc5 19. Rxg7 Bxf2 20. Nf3
Be3+ 21. Kc2 Bf5+ 22. Rd3 Bxd3+ 23. Kb3 b6 24. Kb4 a5+ 25. Kb3 e4 26. Ne1 b5 27.
a4 bxa4+ 28. Kxa4 Bf2 29. Ng2 e3 30. Nf4 Rh4 31. Bxf6 Rxf4+ 32. Kxa5 Rd5# 0-1

[Event "AUTO-OPEN-4642"]
[Site "http://www.queenalice.com/game.php?id=1870173"]
[Date "2026.3.7"]
[Round "1"]
[White "Jomaley"]
[Black "JoseMessias"]
[Result "0-1"]
[WhiteElo "1513"]
[BlackElo "1511"]

1. e4 e5 2. d3 d5 3. exd5 Qxd5 4. Be3 Nf6 5. h3 Qa5+ 6. Nc3 Bb4 7. Bd2 Nc6 8.
Nf3 Nd4 9. Nxd4 exd4 10. Ne2 O-O 11. Bxb4 Qxb4+ 12. c3 dxc3 13. Nxc3 Qxb2 14.
Rc1 Re8+ 15. Be2 b5 16. Rc2 Qb4 17. O-O Qc5 18. Ne4 Qe5 19. Bg4 Nxg4 20. hxg4
Bb7 21. f3 Re6 22. Qc1 Rh6 23. g5 Qh2+ 24. Kf2 Rh4 25. Rh1 Qxh1 26. Qxh1 Rxh1
27. Rxc7 Bxe4 28. dxe4 Ra1 29. g4 Rxa2+ 30. Kg3 b4 31. Rb7 a5 32. e5 Re8 33. f4
g6 34. Rb5 Rd8 35. f5 Ra3+ 36. Kh4 gxf5 37. gxf5 Rd4+ 38. Kh5 Rh3# 0-1

[Event "AUTO-OPEN-4642"]
[Site "http://www.queenalice.com/game.php?id=1870174"]
[Date "2026.3.7"]
[Round "1"]
[White "JoseMessias"]
[Black "Jomaley"]
[Result "0-1"]
[WhiteElo "1527"]
[BlackElo "1479"]

1. e4 e5 2. Bc4 Nh6 3. d4 Qf6 4. Nf3 exd4 5. Nxd4 c5 6. Nf5 Nxf5 7. exf5 Qxf5 8.
O-O Bd6 9. h4 Be5 10. g4 Qf6 11. g5 Qg6 12. Qe2 d6 13. Bf4 O-O 14. Bxe5 dxe5 15.
Qxe5 Nd7 16. Qe3 b6 17. Re1 Bb7 18. Na3 Rae8 19. Qxe8 Bc6 20. Bd3 Qh5 21. Be4
Rxe8 22. Bxh7+ Kxh7 23. Rxe8 Qxh4 24. f3 Qg3+ 25. Kf1 Qxf3+ 26. Ke1 Qh1+ 27. Kd2
Qxa1 28. Nc4 Qxa2 29. b3 g6 30. Nd6 Kg7 31. Re7 Nf8 32. Nxf7 Ne6 33. Ne5+ Kf8
34. Nxg6+ Kg8 35. Rxe6 Bd7 36. Re7 Bf5 37. Ne5 Qxc2+ 38. Ke3 Qxb3+ 39. Kf4 Bc2
40. Re8+ Kg7 41. Re7+ Kf8 42. Rxa7 Qb4+ 43. Kg3 Qc3+ 44. Nf3 Bd1 45. Kh4 Qxf3
46. g6 Qg4# 0-1

[Event "AUTO-OPEN-4642"]
[Site "http://www.queenalice.com/game.php?id=1870175"]
[Date "2026.3.7"]
[Round "1"]
[White "Jomaley"]
[Black "EduardoRo"]
[Result "0-1"]
[WhiteElo "1507"]
[BlackElo "1640"]

1. e4 e5 2. Nf3 Nc6 3. Bb5 Nf6 4. Qe2 Bc5 5. Bxc6 dxc6 6. Nxe5 O-O 7. d3 Bd4 8.
f4 Bxe5 9. fxe5 Bg4 10. Qf2 Nh5 11. h3 Be6 12. g4 f5 13. gxh5 fxe4 14. Qg3 exd3
15. cxd3 Qd5 16. Rg1 Qa5+ 17. Nc3 Rf7 18. h6 g6 19. h4 Bf5 20. h5 Re8 21. hxg6
Bxg6 22. Qh2 Rxe5+ 23. Kd2 Qc5 24. Rxg6+ hxg6 25. Kc2 Rf2+ 26. Qxf2 Qxf2+ 27.
Kb3 b5 28. a3 a5 29. a4 Qf7+ 30. Kc2 b4 31. Ne4 b3+ 32. Kc3 c5 33. Be3 Qf3 34.
Re1 Rxe4 35. dxe4 Qxe4 36. h7+ Kxh7 37. Kd2 Qc2# 0-1

[Event "AUTO-OPEN-4642"]
[Site "http://www.queenalice.com/game.php?id=1870176"]
[Date "2026.3.7"]
[Round "1"]
[White "EduardoRo"]
[Black "Jomaley"]
[Result "1-0"]
[WhiteElo "1402"]
[BlackElo "1509"]

1. e4 Nf6 2. Nc3 e6 3. d3 Bb4 4. Bd2 c6 5. Nf3 Bxc3 6. Bxc3 b5 7. Bb4 d5 8. e5
Ng4 9. Be2 a5 10. Bd6 f6 11. Bxb8 Rxb8 12. O-O fxe5 13. Ng5 Qxg5 14. Bxg4 O-O
15. b3 Rf4 16. f3 h5 17. Bh3 a4 18. Qd2 axb3 19. axb3 Rh4 20. Qxg5 Rxh3 21. gxh3
Bd7 22. Qxe5 Rf8 23. f4 Rf6 24. Ra8+ Kf7 25. Qxh5+ Ke7 26. Qh8 Rg6+ 27. Kh1 b4
28. Qf8# 1-0

[Event "AUTO-INT-3962"]
[Site "http://www.queenalice.com/game.php?id=1870274"]
[Date "2026.3.9"]
[Round "1"]
[White "Jomaley"]
[Black "zubarev"]
[Result "0-1"]
[WhiteElo "1497"]
[BlackElo "1974"]

1. d3 e5 2. e4 Nf6 3. Bg5 Be7 4. f4 Nc6 5. c3 d6 6. fxe5 Nxe5 7. Bxf6 Bxf6 8.
Nf3 Bg4 9. h3 Bh4+ 10. Kd2 Bh5 11. g4 Bg6 12. Bg2 Nxf3+ 13. Bxf3 Qf6 14. Na3
Bg5+ 15. Kc2 O-O 16. Nb5 c6 17. Nd4 Bh4 18. Nf5 Bg5 19. h4 Bf4 20. h5 Bxf5 21.
gxf5 h6 22. a4 Rad8 23. Rh4 Qxh4 24. a5 Qf2+ 25. Be2 d5 26. exd5 Rxd5 27. a6 b6
28. c4 Rxf5 29. Kc3 Re8 30. Bg4 Be5+ 31. Kb3 Qxb2+ 32. Ka4 Rf4 33. Bd7 b5+ 34.
Ka5 Bc7# 0-1

[Event "AUTO-INT-3962"]
[Site "http://www.queenalice.com/game.php?id=1870275"]
[Date "2026.3.9"]
[Round "1"]
[White "zubarev"]
[Black "Jomaley"]
[Result "1-0"]
[WhiteElo "1807"]
[BlackElo "1491"]

1. d4 d5 2. Nc3 e6 3. Nf3 Bb4 4. Bd2 a5 5. e3 a4 6. a3 Bxc3 7. Bxc3 Ne7 8. Bd3
g6 9. O-O Qd6 10. Bb4 Qb6 11. Ne5 Nec6 12. Qf3 Nxe5 13. dxe5 c5 14. Bc3 c4 15.
Be2 Nc6 16. Qf6 O-O 17. e4 d4 18. Bd2 d3 19. Bh6 dxe2 20. Qg7# 1-0

[Event "AUTO-INT-3963"]
[Site "http://www.queenalice.com/game.php?id=1870730"]
[Date "2026.3.19"]
[Round "1"]
[White "Jomaley"]
[Black "jenyasm"]
[Result "1-0"]
[WhiteElo "1495"]
[BlackElo "1695"]

1. Nf3 d6 2. d4 e6 3. e3 h6 4. c4 b6 5. d5 e5 6. Bd3 Nf6 7. e4 Bg4 8. h3 Bxf3 9.
Qxf3 Nbd7 10. b4 g6 11. g4 Bg7 12. g5 Nh7 13. gxh6 Bf6 14. h4 Bxh4 15. Rxh4 Qxh4
16. a4 Ng5 17. Qe3 Qxh6 18. Qxg5 Qh1+ 19. Kd2 Qh6 20. Qxh6 Rxh6 21. Kc3 Rh5 22.
b5 Rh3 23. Bg5 Nc5 24. Be3 O-O-O 25. Bxc5 bxc5 26. Nd2 f5 27. exf5 g5 28. f6 Rf8
29. Ne4 g4 30. Rg1 Rh4 31. Be2 Rh3+ 32. Kb2 Rh4 33. Bxg4+ Kb7 34. f3 Rh2+ 35.
Kc3 a6 36. bxa6+ Kxa6 37. Be6 Ka5 38. f7 Rhh8 39. Nf6 1-0

[Event "AUTO-INT-3964"]
[Site "http://www.queenalice.com/game.php?id=1871059"]
[Date "2026.3.27"]
[Round "1"]
[White "Jomaley"]
[Black "jenyasm"]
[Result "0-1"]
[WhiteElo "1504"]
[BlackElo "1661"]

1. e4 e5 2. Bc4 d6 3. Qh5 Qe7 4. Bxf7+ Qxf7 5. Qxf7+ Kxf7 6. d3 Nf6 7. Bg5 h6 8.
Bxf6 gxf6 9. Nd2 Bg7 10. O-O-O Nc6 11. c3 a5 12. h4 a4 13. a3 Ne7 14. d4 Ng6 15.
g3 b5 16. dxe5 fxe5 17. c4 bxc4 18. Nxc4 Ba6 19. Ne3 Kf6 20. Nd5+ Kf7 21. Nxc7
Rac8 22. Rxd6 Rxc7+ 23. Kd1 Bb5 24. Nf3 Rhc8 25. Nxe5+ Bxe5 26. Rxg6 Kxg6 27.
h5+ Kh7 28. f4 Bxb2 29. f5 Bd3 30. e5 Bxf5 31. Rf1 Bg4+ 32. Kd2 Bxe5 0-1